[Event "Bad Woerishofen sen"]
[Site "?"]
[Date "2006.03.18"]
[Round "2"]
[White "Knebel, Willy"]
[Black "Goy, Udo"]
[Result "1-0"]
[WhiteElo "2068"]
[BlackElo "2254"]
[PlyCount "107"]
[EventDate "2006.??.??"]

1. e4 g6 2. d4 Bg7 3. Nc3 c6 4. f4 d5 5. e5 Nh6 6. Nf3 f6 7. Be2 O-O 8. Be3 Nd7
9. Qd2 Nb6 10. b3 Be6 11. h3 Rc8 12. g4 f5 13. Ng5 Qd7 14. Nxe6 Qxe6 15. g5 Nf7
16. h4 Rfd8 17. h5 Qd7 18. O-O-O e6 19. hxg6 hxg6 20. Qe1 Qe8 21. Qh4 Nh8 22.
Rh2 Nd7 23. Rdh1 Nf8 24. Qf2 Nf7 25. Kb2 b6 26. Na4 Rd7 27. Rc1 Qe7 28. Rhh1
Nd8 29. c4 dxc4 30. Bxc4 Rdc7 31. Ba6 Rb8 32. Bd3 Nb7 33. Rc2 Qd7 34. Qe2 Nd8
35. Rhc1 Qe7 36. Qg2 Rd7 37. Be2 Nh7 38. Bf3 Bf8 39. Bxc6 Nxc6 40. Rxc6 Rbd8
41. Qf2 Bg7 42. Rc8 Rxc8 43. Rxc8+ Kf7 44. Qc2 Bf8 45. Qc4 Qa3+ 46. Kb1 Be7 47.
Qc6 Rd8 48. d5 exd5 49. Rxd8 Bxd8 50. Qxd5+ Ke8 51. Qc6+ Kf7 52. Nc3 Be7 53.
e6+ Kg8 54. Qe8+ 1-0

[Event "Bad Woerishofen sen"]
[Site "?"]
[Date "2006.03.18"]
[Round "2"]
[White "Igney, Volkhard"]
[Black "Wittelsberger, Helmut"]
[Result "1-0"]
[WhiteElo "2250"]
[BlackElo "2026"]
[PlyCount "65"]
[EventDate "2006.??.??"]

1. e4 c5 2. Nf3 d6 3. d4 cxd4 4. Nxd4 Nf6 5. f3 Nc6 6. c4 g6 7. Nc3 Bg7 8. Nc2
O-O 9. Rb1 Be6 10. Be3 Nd7 11. Qd2 f5 12. Nd4 Nxd4 13. Bxd4 Ne5 14. exf5 Bxf5
15. Rd1 Be6 16. b3 Qa5 17. Be2 Rf7 18. O-O a6 19. Qe3 Nc6 20. Bxg7 Kxg7 21. Rd2
Qe5 22. Qxe5+ Nxe5 23. f4 Nc6 24. g3 Raf8 25. Kg2 h6 26. Bf3 Rd8 27. Re1 Bc8
28. Bd5 Rff8 29. Bxc6 bxc6 30. Rxe7+ Kf6 31. Rh7 Rfe8 32. Rxh6 Kf5 33. h4 1-0

[Event "Bad Woerishofen op"]
[Site "?"]
[Date "2006.03.18"]
[Round "2"]
[White "Stark, Lars"]
[Black "Stuemer, Paul"]
[Result "1-0"]
[WhiteElo "2366"]
[BlackElo "2161"]
[PlyCount "51"]
[EventDate "2006.??.??"]

1. c4 c5 2. g3 g6 3. Bg2 Bg7 4. Nc3 Nc6 5. a3 d6 6. Rb1 a5 7. d3 e5 8. e3 Nge7
9. Nge2 O-O 10. O-O Be6 11. Nd5 Rb8 12. Nec3 f5 13. Bd2 Kh8 14. b4 axb4 15.
axb4 cxb4 16. Nb5 e4 17. dxe4 fxe4 18. Bxe4 Ne5 19. Bxb4 Bg4 20. f3 Bh3 21.
Bxd6 Nxd5 22. Qxd5 Bxf1 23. Rxf1 Re8 24. Bxb8 Qxb8 25. Nd6 Rd8 26. c5 1-0

[Event "Bad Woerishofen op"]
[Site "?"]
[Date "2006.03.18"]
[Round "2"]
[White "Heika, Martin"]
[Black "Weisenburger, Horst"]
[Result "1-0"]
[WhiteElo "2357"]
[BlackElo "2152"]
[PlyCount "46"]
[EventDate "2006.??.??"]

1. e4 d5 2. exd5 Qxd5 3. Nf3 Bg4 4. Be2 Nc6 5. d4 O-O-O 6. c4 Qh5 7. Be3 Nf6 8.
Nbd2 e6 9. Qa4 Bb4 10. O-O-O Qa5 11. Qxa5 Nxa5 12. Rhg1 Rhe8 13. h3 Bxf3 14.
Nxf3 Bf8 15. Ne5 Re7 16. b4 Nc6 17. Nxc6 bxc6 18. Bf3 e5 19. Bxc6 exd4 20. Bxd4
Re6 21. b5 Ba3+ 22. Kc2 a5 23. Be3 a4 1-0

[Event "Bad Woerishofen op"]
[Site "?"]
[Date "2006.03.18"]
[Round "2"]
[White "Kugelmann, Werner"]
[Black "Dittmar, Peter"]
[Result "0-1"]
[WhiteElo "2163"]
[BlackElo "2334"]
[PlyCount "54"]
[EventDate "2006.??.??"]

1. e4 c6 2. d4 d5 3. e5 c5 4. c3 Nc6 5. Nf3 Bg4 6. Be2 e6 7. O-O Qb6 8. dxc5
Bxc5 9. b4 Be7 10. Be3 Qc7 11. Nbd2 Nh6 12. a3 Nf5 13. Bf4 Rg8 14. h3 Bxf3 15.
Nxf3 g5 16. Bh2 h5 17. g4 hxg4 18. hxg4 Nh4 19. Nd4 Nxe5 20. Bb5+ Kd8 21. c4
Rh8 22. Bg3 Bd6 23. cxd5 Qc3 24. Bxh4 Rxh4 25. f3 Ke7 26. Ra2 Rah8 27. Rg2 Qe3+
0-1

[Event "Bad Woerishofen op"]
[Site "?"]
[Date "2006.03.18"]
[Round "2"]
[White "Rahls, Peter"]
[Black "Gerstner, Bernhard"]
[Result "1/2-1/2"]
[WhiteElo "2334"]
[BlackElo "2140"]
[PlyCount "58"]
[EventDate "2006.??.??"]

1. e4 e5 2. Nc3 Nf6 3. g3 c6 4. Bg2 d5 5. exd5 cxd5 6. d4 exd4 7. Nce2 Bb4+ 8.
Bd2 Qb6 9. c3 dxc3 10. Nxc3 d4 11. Nd5 Nxd5 12. Bxd5 O-O 13. Qb3 Bxd2+ 14. Kxd2
Qa5+ 15. Kd1 Nc6 16. Nf3 Nb4 17. Be4 Be6 18. Qa3 Qxa3 19. bxa3 Nxa2 20. Kd2 Nc3
21. Rhe1 Rfd8 22. Bd3 h6 23. Nxd4 Rxd4 24. Kxc3 Rad8 25. Re3 R4d6 26. Rae1 Rc8+
27. Kb2 Rb6+ 28. Ka1 g6 29. Bxg6 Rd8 1/2-1/2

[Event "Bad Woerishofen op"]
[Site "?"]
[Date "2006.03.18"]
[Round "2"]
[White "Ries, Berthold"]
[Black "Slacik, Johann"]
[Result "1-0"]
[WhiteElo "2072"]
[BlackElo "1904"]
[PlyCount "117"]
[EventDate "2006.??.??"]

1. e4 c6 2. d4 d5 3. exd5 cxd5 4. c4 e6 5. Nf3 Nf6 6. Nc3 Bb4 7. Bd2 O-O 8. a3
Be7 9. Bd3 Nbd7 10. O-O Re8 11. c5 Nf8 12. Ne5 N6d7 13. f4 Nxe5 14. fxe5 f5 15.
g4 g6 16. gxf5 exf5 17. Qf3 Ne6 18. Qxd5 Kg7 19. Be3 Bg5 20. Bf2 Nf4 21. Qf3
Nxd3 22. Qxd3 Rxe5 23. Rad1 Re8 24. d5 Bd7 25. b4 Bf6 26. Bd4 Bxd4+ 27. Qxd4+
Kh6 28. Rd3 g5 29. d6 Kg6 30. Nd5 Bb5 31. Ne7+ Rxe7 32. dxe7 Qxe7 33. Qd6+ Qf6
34. Qxf6+ Kxf6 35. Rd6+ Ke5 36. Re1+ Kf4 37. Kf2 g4 38. Rd4+ Kg5 39. Re7 Bc6
40. Rxh7 Re8 41. Rg7+ Kf6 42. Rc7 Kg5 43. Rd6 Bb5 44. Rg7+ Kh5 45. Rxb7 Bc4 46.
Rxa7 f4 47. Rd2 Re3 48. c6 Rf3+ 49. Kg2 Bf1+ 50. Kg1 Bh3 51. Ra5+ Kh4 52. Rf2
Rc3 53. Rc5 Rxa3 54. Rxf4 Ra2 55. c7 Rg2+ 56. Kf1 Rxh2+ 57. Ke1 Kg3 58. Rcc4
Rh1+ 59. Kd2 1-0

[Event "Bad Woerishofen sen"]
[Site "?"]
[Date "2006.03.18"]
[Round "2"]
[White "Schuler, Georg"]
[Black "Neese, Hans-Joachim"]
[Result "0-1"]
[WhiteElo "2062"]
[BlackElo "2244"]
[PlyCount "128"]
[EventDate "2006.??.??"]

1. c4 Nf6 2. Nc3 e6 3. d4 d5 4. e3 b6 5. cxd5 Nxd5 6. Nf3 Be7 7. Be2 O-O 8. O-O
Bb7 9. a3 Nd7 10. Nxd5 Bxd5 11. b4 a5 12. b5 Bd6 13. a4 Qe7 14. Qc2 f5 15. Bb2
Rf6 16. Ne5 Nxe5 17. dxe5 Rg6 18. g3 Bb4 19. f3 Rf8 20. f4 Rd8 21. Bd4 Rd7 22.
Bf3 Bxf3 23. Rxf3 h5 24. Kf2 h4 25. Rh1 Rh6 26. Kf1 g5 27. fxg5 Qxg5 28. gxh4
Rxh4 29. Rg3 Rg4 30. Rhg1 Rg7 31. Qe2 Qh4 32. Qf2 Qh5 33. Rxg4 fxg4 34. Kg2 Rf7
35. Qe2 Qg5 36. e4 Qg6 37. Kh1 Rf4 38. Bf2 Qxe4+ 39. Qxe4 Rxe4 40. h3 Kf7 41.
hxg4 Rxe5 42. Kg2 Re4 43. Kf3 Rc4 44. g5 Kg6 45. Rg4 Rc3+ 46. Ke2 Bc5 47. Kd2
Bb4 48. Ke2 Rc2+ 49. Kf1 Bd6 50. Be3 Be5 51. Rh4 Bg7 52. Ke1 Rb2 53. Rc4 Be5
54. Rc6 Kf5 55. g6 Rg2 56. Rc4 Rxg6 57. Ke2 Rg2+ 58. Kd3 Rb2 59. Bd2 Rb3+ 60.
Kc2 Rf3 61. Kd1 Bd6 62. Ke2 Rb3 63. Kd1 e5 64. Kc2 Rh3 0-1

[Event "Bad Woerishofen sen"]
[Site "?"]
[Date "2006.03.18"]
[Round "2"]
[White "Bierwisch, Bernhard"]
[Black "Homes, Helmut"]
[Result "1-0"]
[WhiteElo "2237"]
[BlackElo "2020"]
[PlyCount "63"]
[EventDate "2006.??.??"]

1. e4 e5 2. Nf3 Nc6 3. Bb5 a6 4. Ba4 Nf6 5. Qe2 b5 6. Bb3 Bc5 7. c3 O-O 8. O-O
d6 9. d3 Bg4 10. h3 Bh5 11. Rd1 Re8 12. Bg5 h6 13. Bxf6 Qxf6 14. Bd5 Ne7 15.
Bxa8 Rxa8 16. g4 Bg6 17. Nbd2 Qf4 18. Nf1 d5 19. exd5 Nxd5 20. Nh4 Rf8 21. Ng2
Qf6 22. Re1 h5 23. Ng3 hxg4 24. hxg4 Nf4 25. Nxf4 Qxf4 26. Kg2 Rd8 27. Rad1 f6
28. Ne4 Bb6 29. Qf3 f5 30. Qxf4 exf4 31. gxf5 Bxf5 32. Kf3 1-0

[Event "Bad Woerishofen op"]
[Site "?"]
[Date "2006.03.18"]
[Round "2"]
[White "Eingorn, Viacheslav"]
[Black "Markl, Martin"]
[Result "1-0"]
[WhiteElo "2595"]
[BlackElo "2194"]
[PlyCount "105"]
[EventDate "2006.??.??"]

1. d4 c5 2. d5 e5 3. e4 g6 4. Nc3 d6 5. Nf3 Bg7 6. Nd2 Nf6 7. Be2 a6 8. a4 O-O
9. a5 Nbd7 10. Nc4 Ne8 11. Na4 Rb8 12. O-O f5 13. exf5 gxf5 14. f4 e4 15. Bd2
Ndf6 16. Ne3 Nc7 17. c4 Na8 18. Bc3 Bd7 19. Qd2 Qe8 20. b3 Qg6 21. Nb2 Ng4 22.
Bxg4 Bxc3 23. Qxc3 fxg4 24. Nbd1 h5 25. Ra2 Rf7 26. g3 Nc7 27. Ng2 Ne8 28. Re2
Nf6 29. Nf2 Qh7 30. Rfe1 Re8 31. b4 cxb4 32. Qxb4 e3 33. Rxe3 Rfe7 34. Qb2 Rxe3
35. Rxe3 Rxe3 36. Nxe3 Ne4 37. Qxb7 Nxf2 38. Kxf2 Qe4 39. Ke2 Bf5 40. Qb3 Qf3+
41. Kd2 Qf2+ 42. Kc1 Qg1+ 43. Kb2 Qb1+ 44. Ka3 Qa1+ 45. Kb4 Qe1+ 46. Qc3 Qb1+
47. Ka3 Be4 48. c5 dxc5 49. d6 Kf8 50. Nc4 Bd5 51. d7 Ke7 52. Qe5+ Be6 53.
Qxc5+ 1-0

[Event "Bad Woerishofen op"]
[Site "?"]
[Date "2006.03.18"]
[Round "2"]
[White "Daeubler, Heinrich"]
[Black "Henrichs, Thomas"]
[Result "0-1"]
[WhiteElo "2177"]
[BlackElo "2434"]
[PlyCount "56"]
[EventDate "2006.??.??"]

1. d4 Nf6 2. c4 e6 3. Nf3 d5 4. Nc3 c6 5. Bg5 h6 6. Bxf6 Qxf6 7. e3 Nd7 8. Bd3
dxc4 9. Bxc4 g6 10. O-O Bg7 11. Bb3 O-O 12. Qc2 Qe7 13. Rfd1 b6 14. Qe2 Bb7 15.
Rac1 Rfd8 16. Bc4 a6 17. a3 b5 18. Ba2 c5 19. d5 c4 20. dxe6 Qxe6 21. a4 Qc6
22. Nd5 Qc5 23. e4 Re8 24. Qc2 Nb6 25. Nxb6 Qxb6 26. Nd2 Rad8 27. axb5 axb5 28.
Re1 Qa5 0-1

[Event "Bad Woerishofen op"]
[Site "?"]
[Date "2006.03.18"]
[Round "2"]
[White "Zaragatski, Ilja"]
[Black "Lochte, Thomas"]
[Result "0-1"]
[WhiteElo "2400"]
[BlackElo "2165"]
[PlyCount "47"]
[EventDate "2006.??.??"]

1. e4 e6 2. Nf3 d5 3. Nc3 Nf6 4. e5 Ne4 5. Ne2 Bc5 6. d4 Be7 7. Ng3 c5 8. Bd3
f5 9. exf6 Bxf6 10. Bxe4 dxe4 11. Nxe4 Bxd4 12. Nxd4 Qxd4 13. Qh5+ g6 14. Qh4
O-O 15. Bh6 Qd8 16. Bg5 Qa5+ 17. c3 Nd7 18. O-O Qc7 19. Rad1 b6 20. Rd6 Bb7 21.
Rfd1 Bc6 22. Bh6 Rf7 23. Ng5 Re7 24. Nxe6 0-1

[Event "Bad Woerishofen sen"]
[Site "?"]
[Date "2006.03.19"]
[Round "3"]
[White "Schirmer, Werner"]
[Black "Scheidt, Eugen"]
[Result "1/2-1/2"]
[WhiteElo "2063"]
[BlackElo "1985"]
[PlyCount "52"]
[EventDate "2006.??.??"]

1. e4 c5 2. Nf3 d6 3. d4 cxd4 4. Nxd4 Nf6 5. Nc3 a6 6. Be3 e5 7. Nb3 Be6 8. f3
Be7 9. Qd2 Nbd7 10. Be2 Qc7 11. O-O O-O 12. Rfd1 Rac8 13. Rac1 Rfd8 14. Nd5
Nxd5 15. exd5 Bf5 16. Bd3 Bg6 17. Bxg6 hxg6 18. Qf2 g5 19. c4 Re8 20. Qd2 Qd8
21. c5 dxc5 22. d6 Bf6 23. Nxc5 Nxc5 24. Rxc5 Rxc5 25. Bxc5 Qd7 26. Rc1 Rc8
1/2-1/2

[Event "Bad Woerishofen op"]
[Site "?"]
[Date "2006.03.19"]
[Round "3"]
[White "Starostits, Ilmars"]
[Black "Holl, Andreas"]
[Result "1-0"]
[WhiteElo "2493"]
[BlackElo "2193"]
[PlyCount "45"]
[EventDate "2006.??.??"]

1. e4 c5 2. Nf3 d6 3. d4 cxd4 4. Nxd4 Nf6 5. Nc3 a6 6. Bc4 e6 7. Bb3 Nbd7 8. f4
Qc7 9. Qf3 Nc5 10. f5 Nxb3 11. axb3 Be7 12. Qg3 O-O 13. Bh6 Ne8 14. O-O-O Kh8
15. Bg5 Nf6 16. Qh4 b5 17. Rd3 Ng8 18. Rf1 Bxg5+ 19. Qxg5 f6 20. Qd2 d5 21.
exd5 exd5 22. Nxd5 Qxh2 23. Nf4 1-0

[Event "Bad Woerishofen op"]
[Site "?"]
[Date "2006.03.19"]
[Round "3"]
[White "Roeder, Mathias"]
[Black "Lieb, Harald"]
[Result "1-0"]
[WhiteElo "2400"]
[BlackElo "2242"]
[PlyCount "79"]
[EventDate "2006.??.??"]

1. Nf3 f5 2. c4 Nf6 3. g3 g6 4. Bg2 Bg7 5. O-O O-O 6. Nc3 d6 7. d4 Qe8 8. d5 a5
9. Nd4 Na6 10. b3 Bd7 11. Rb1 c6 12. Bb2 Nc7 13. dxc6 bxc6 14. Na4 e5 15. Nc2
Qe7 16. Nb6 Ra7 17. Nxd7 Qxd7 18. c5 Nfe8 19. cxd6 Nxd6 20. f4 Ne6 21. fxe5 Ne4
22. Bxe4 fxe4 23. Qxd7 Rxd7 24. Rfd1 Rfd8 25. Rxd7 Rxd7 26. Ne3 Bf8 27. Nc4
Bc5+ 28. Kg2 Ra7 29. Nd6 e3 30. Ne4 Bd4 31. Kf3 c5 32. Bxd4 cxd4 33. Rc1 Kf7
34. Nd6+ Kg7 35. Ke4 a4 36. b4 a3 37. Kd5 Rc7 38. b5 d3 39. exd3 Ng5 40. d4 1-0

[Event "Bad Woerishofen op"]
[Site "?"]
[Date "2006.03.19"]
[Round "3"]
[White "Henrichs, Thomas"]
[Black "de Francesco, Klaus"]
[Result "1-0"]
[WhiteElo "2434"]
[BlackElo "2262"]
[PlyCount "89"]
[EventDate "2006.??.??"]

1. e4 e6 2. d4 d5 3. Nc3 Nf6 4. e5 Nfd7 5. f4 c5 6. Nf3 Nc6 7. Be3 a6 8. Qd2 b5
9. a3 Qb6 10. Ne2 c4 11. g4 Qa5 12. Qxa5 Nxa5 13. f5 Be7 14. h4 Nb6 15. Bh3 Na4
16. Bd2 c3 17. Nxc3 Nxc3 18. bxc3 Nc4 19. Bc1 Bd7 20. h5 h6 21. Ng1 f6 22. fxe6
Bxe6 23. exf6 gxf6 24. Ne2 Bd6 25. a4 bxa4 26. Rxa4 a5 27. Bf4 Bxf4 28. Nxf4
Bf7 29. Kf2 O-O 30. Bg2 Nb6 31. Ra2 a4 32. Rb1 Ra6 33. Bf1 Nc4 34. Rb4 f5 35.
Bxc4 dxc4 36. Rbxa4 Rxa4 37. Rxa4 fxg4 38. Kg3 Re8 39. Kxg4 Re3 40. Ra3 Kg7 41.
Kf5 Be8 42. Ra7+ Bf7 43. d5 Rxc3 44. d6 Rxc2 45. d7 1-0

[Event "Bad Woerishofen op"]
[Site "?"]
[Date "2006.03.19"]
[Round "3"]
[White "Braun, Peter"]
[Black "Skembris, Spyridon"]
[Result "1/2-1/2"]
[WhiteElo "2265"]
[BlackElo "2451"]
[PlyCount "69"]
[EventDate "2006.??.??"]

1. Nf3 c5 2. c4 Nc6 3. Nc3 g6 4. d4 cxd4 5. Nxd4 Bg7 6. Nc2 d6 7. e4 f5 8. exf5
Bxf5 9. Ne3 Bxc3+ 10. bxc3 Qa5 11. Nxf5 gxf5 12. Be2 Qxc3+ 13. Bd2 Qg7 14. O-O
Nf6 15. Bc3 O-O-O 16. Qb1 Qg6 17. Bf3 e5 18. Bxc6 bxc6 19. Qb3 Ne4 20. Rab1 Kd7
21. Qb7+ Ke6 22. Ba5 Rc8 23. Qxa7 Rhg8 24. g3 Ra8 25. Qb6 f4 26. Rb3 Nc5 27.
Ra3 Qe4 28. Rd1 Qc2 29. Rxd6+ Kxd6 30. Qc7+ Ke6 31. Qxc6+ Kf5 32. Qxc5 Rab8 33.
Qe7 Qb2 34. Kg2 Rb7 35. Bc7 1/2-1/2

[Event "Bad Woerishofen sen"]
[Site "?"]
[Date "2006.03.19"]
[Round "3"]
[White "Koller, Hubert"]
[Black "Knebel, Willy"]
[Result "1-0"]
[WhiteElo "2113"]
[BlackElo "2068"]
[PlyCount "101"]
[EventDate "2006.??.??"]

1. Nf3 g6 2. g3 Bg7 3. d4 c5 4. d5 d6 5. c4 Nf6 6. Nc3 O-O 7. Bg2 e6 8. O-O
exd5 9. cxd5 Na6 10. Re1 Bd7 11. a4 Nb4 12. Nd2 a6 13. a5 Re8 14. Nc4 Qc7 15.
Bf4 Bf8 16. Nb6 Rad8 17. Nxd7 Rxd7 18. e4 Nh5 19. Be3 Bg7 20. g4 Nf6 21. g5 Nh5
22. Ra4 Rde7 23. Bh3 Be5 24. Qd2 Qd8 25. Bg4 Ng7 26. f4 Bd4 27. Bxd4 cxd4 28.
Ne2 d3 29. Nc3 Nc2 30. Rc1 b5 31. axb6 Qxb6+ 32. Kh1 Nb4 33. Bf3 Rb8 34. Na2
Nxa2 35. Rxa2 Qd4 36. Rc3 Reb7 37. Qxd3 Qf2 38. Qe2 Qh4 39. Qd2 Nh5 40. Bxh5
Qxh5 41. Qd3 Qg4 42. Qf3 Qd7 43. b3 Rb4 44. Rac2 Re8 45. Rc4 Rb7 46. Rc6 a5 47.
Kg2 Qe7 48. R2c4 f6 49. gxf6 Qxf6 50. e5 Qf5 51. e6 1-0

[Event "Bad Woerishofen op"]
[Site "?"]
[Date "2006.03.19"]
[Round "3"]
[White "Oud, Niek"]
[Black "Heika, Martin"]
[Result "0-1"]
[WhiteElo "2085"]
[BlackElo "2357"]
[PlyCount "60"]
[EventDate "2006.??.??"]

1. d4 Nf6 2. c4 e6 3. Nc3 Bb4 4. Qc2 O-O 5. a3 Bxc3+ 6. Qxc3 d5 7. Bg5 Nbd7 8.
Nf3 h6 9. Bh4 Re8 10. e3 dxc4 11. Bxc4 b6 12. Bb5 Bb7 13. Ne5 Nxe5 14. dxe5 c6
15. Bd3 Ne4 16. Bxd8 Nxc3 17. Bh4 Na4 18. b4 g5 19. Bg3 Red8 20. Be4 Nc3 21.
Bf3 Ba6 22. h4 Kg7 23. hxg5 hxg5 24. Rc1 Rd3 25. O-O Bb5 26. Rfe1 Na2 27. Bxc6
Nxc1 28. Bxa8 Ne2+ 29. Kh2 Rd8 30. Be4 Rh8+ 0-1

[Event "Bad Woerishofen op"]
[Site "?"]
[Date "2006.03.19"]
[Round "3"]
[White "Hornung, Hans"]
[Black "Stark, Lars"]
[Result "0-1"]
[WhiteElo "2175"]
[BlackElo "2366"]
[PlyCount "72"]
[EventDate "2006.??.??"]

1. d4 Nf6 2. Nf3 e6 3. e3 g6 4. c4 Bg7 5. Nc3 O-O 6. e4 d6 7. Be2 Nc6 8. Be3
Re8 9. d5 Nb8 10. Nd2 exd5 11. cxd5 c5 12. O-O a6 13. a4 Nbd7 14. h3 Rb8 15.
Qc2 h6 16. Ra3 g5 17. f4 gxf4 18. Bxf4 Ne5 19. Bxe5 Rxe5 20. Nf3 Re8 21. e5
dxe5 22. Nh4 e4 23. Bc4 Qd6 24. Nd1 b5 25. Ne3 Re5 26. axb5 axb5 27. Be2 c4 28.
Kh1 Rg5 29. Bg4 Bxg4 30. hxg4 Nxg4 31. Nxg4 Rxg4 32. Nf5 Qe5 33. Ra7 Rf4 34.
Ne7+ Kh8 35. Rxf4 Qxf4 36. Qd1 Be5 0-1

[Event "Bad Woerishofen op"]
[Site "?"]
[Date "2006.03.19"]
[Round "3"]
[White "Dubkov, Andrej"]
[Black "Perman, Torvald"]
[Result "1-0"]
[WhiteElo "2300"]
[BlackElo "2110"]
[PlyCount "86"]
[EventDate "2006.??.??"]

1. e4 c5 2. Nf3 e6 3. g3 Nc6 4. Bg2 Nf6 5. Nc3 Qc7 6. O-O Be7 7. d4 cxd4 8.
Nxd4 a6 9. Nb3 O-O 10. a4 d6 11. a5 Ne5 12. Qe2 Nc4 13. Ra4 b5 14. axb6 Nxb6
15. Ra1 e5 16. Na5 Be6 17. Rd1 Nc4 18. Nxc4 Bxc4 19. Qe1 h6 20. Bf1 Rfc8 21.
Bxc4 Qxc4 22. Ra4 Qc6 23. Qe2 Nd7 24. Be3 Bf8 25. Rda1 Rab8 26. Rxa6 Qc4 27.
Qxc4 Rxc4 28. R1a2 Nf6 29. f3 d5 30. exd5 Rxc3 31. bxc3 Nxd5 32. Kf2 Nxe3 33.
Kxe3 Bc5+ 34. Ke4 Rb1 35. Ra1 Rb2 36. R6a2 Rb7 37. Kxe5 Rd7 38. Ra5 Bf2 39. Rd5
Re7+ 40. Kd6 Re2 41. Ra2 Be1 42. c4 Rxh2 43. g4 Bb4+ 1-0

[Event "Bad Woerishofen op"]
[Site "?"]
[Date "2006.03.19"]
[Round "3"]
[White "Lupor, Stefan"]
[Black "Halkias, Stelios"]
[Result "0-1"]
[WhiteElo "2259"]
[BlackElo "2528"]
[PlyCount "96"]
[EventDate "2006.??.??"]

1. e4 c5 2. Nf3 Nc6 3. d4 cxd4 4. Nxd4 Nf6 5. Nc3 e5 6. Ndb5 d6 7. Bg5 a6 8.
Na3 b5 9. Bxf6 gxf6 10. Nd5 Bg7 11. c3 Ne7 12. Nxe7 Qxe7 13. Bd3 f5 14. O-O O-O
15. Nc2 f4 16. a4 bxa4 17. Rxa4 Qg5 18. f3 Kh8 19. Bc4 Bf6 20. Qe2 Bd8 21. Rd1
Qg6 22. Rb4 Rg8 23. Kh1 Ra7 24. Na3 Qh6 25. Qd2 Qh5 26. Qf2 Rd7 27. Rb8 Bh4 28.
Qg1 Rdd8 29. Bf1 Rg6 30. Nc4 Be7 31. Nb6 Bh3 32. Rxd8+ Bxd8 33. Nd5 Be6 34.
Bxa6 Rh6 35. Nxf4 exf4 36. Rxd6 Bf6 37. Bf1 Kg7 38. Rb6 Qe5 39. Rb5 Qd6 40. Qf2
Qd1 41. Qe2 Qc1 42. Kg1 Rg6 43. Rh5 Bd8 44. Kh1 Bb6 45. Rb5 Bh3 46. Rxb6 Bxg2+
47. Qxg2 Rxg2 48. Kxg2 Qd2+ 0-1

[Event "Bad Woerishofen op"]
[Site "?"]
[Date "2006.03.19"]
[Round "3"]
[White "Rau, Hannes"]
[Black "Tauber, Manfred"]
[Result "1-0"]
[WhiteElo "2425"]
[BlackElo "2259"]
[PlyCount "117"]
[EventDate "2006.??.??"]

1. d4 Nf6 2. c4 e6 3. Nc3 d5 4. cxd5 exd5 5. Bg5 Be7 6. e3 Nbd7 7. Bd3 Nf8 8.
Nf3 Ne6 9. Bh4 O-O 10. O-O c6 11. Rb1 a6 12. Na4 Re8 13. Qb3 b5 14. Nc3 Bb7 15.
Qc2 g6 16. Rfd1 Rc8 17. Bf1 Ng7 18. h3 Nf5 19. Bg5 Nd6 20. Rbc1 Nd7 21. Bxe7
Qxe7 22. Ne2 Ne4 23. Nf4 Kg7 24. Nd3 f6 25. Nd2 Rcd8 26. a3 Nd6 27. Nb3 Nc4 28.
Nbc5 Nxc5 29. Nxc5 Bc8 30. b3 Nd6 31. Qd2 Qc7 32. Be2 Qb6 33. a4 Re7 34. Ra1
Ne4 35. Nxe4 Rxe4 36. Rdc1 Bb7 37. Qb4 Rde8 38. Ra2 R4e7 39. axb5 axb5 40. Rca1
Bc8 41. Ra8 Kf7 42. Bf3 Bb7 43. Rxe8 Rxe8 44. Qd6 Re6 45. Qf4 Re7 46. h4 Kg7
47. Qd6 Qc7 48. Qc5 Qd7 49. Ra7 Rf7 50. g3 h5 51. Qb6 Qc8 52. Kh2 Qd7 53. Bg2
Qe7 54. Bh3 f5 55. Bf1 Kf6 56. Bxb5 Qb4 57. Rxb7 Qxb5 58. Qxb5 cxb5 59. Rxb5
1-0

[Event "Bad Woerishofen op"]
[Site "?"]
[Date "2006.03.19"]
[Round "3"]
[White "Michalczak, Thomas"]
[Black "Schaefer, Michael"]
[Result "1/2-1/2"]
[WhiteElo "2361"]
[BlackElo "2196"]
[PlyCount "83"]
[EventDate "2006.??.??"]

1. e4 c5 2. c3 d5 3. exd5 Qxd5 4. d4 g6 5. Nf3 Bg7 6. c4 Qd6 7. d5 Nf6 8. Nc3
O-O 9. Bd3 e6 10. O-O exd5 11. cxd5 Na6 12. Bg5 Nb4 13. Bc4 Bf5 14. a3 Na6 15.
Re1 Rfe8 16. Qb3 Qb6 17. Qxb6 axb6 18. d6 Be6 19. Bxe6 fxe6 20. Rad1 Nd7 21.
Re3 c4 22. Be7 Nac5 23. Nd2 Bxc3 24. Rxc3 b5 25. Nf3 Nb6 26. Rc2 Nd5 27. Nd4
Nxe7 28. dxe7 Rxe7 29. Nxb5 Nd3 30. Rdd2 Ra5 31. Nd6 b5 32. Kf1 Rd7 33. Ne4 Kg7
34. f3 h6 35. Nf2 Ne5 36. Rxd7+ Nxd7 37. Rd2 Nc5 38. Ke2 Ra7 39. Ke3 h5 40. Rd6
c3 41. bxc3 Rxa3 42. Nd1 1/2-1/2

[Event "Bad Woerishofen op"]
[Site "?"]
[Date "2006.03.19"]
[Round "3"]
[White "Dittmar, Peter"]
[Black "Graf, Christian"]
[Result "1-0"]
[WhiteElo "2334"]
[BlackElo "2156"]
[PlyCount "149"]
[EventDate "2006.??.??"]

1. d4 d5 2. Bf4 Nf6 3. e3 c6 4. c4 Bf5 5. Nc3 e6 6. Qb3 Qb6 7. c5 Qxb3 8. axb3
Nbd7 9. b4 Nh5 10. Bg5 h6 11. Bh4 g5 12. Be2 Ndf6 13. Bg3 Nxg3 14. hxg3 Bg7 15.
b5 O-O 16. Nf3 Nd7 17. O-O Bg4 18. Ra4 e5 19. Rfa1 exd4 20. exd4 cxb5 21. Bxb5
a6 22. Nxd5 Rad8 23. Bf1 Nb8 24. Ne7+ Kh8 25. d5 Bxf3 26. gxf3 Bxb2 27. Rb1 Bf6
28. Rxb7 Bxe7 29. Rxe7 Rxd5 30. Rc7 Nd7 31. Rxa6 Nxc5 32. Raa7 Ne6 33. Rxf7
Rxf7 34. Rxf7 Rd6 35. Bc4 Nd8 36. Ra7 Ne6 37. Kg2 Nd4 38. Rb7 Ne6 39. Ba2 Nd8
40. Rc7 Ne6 41. Re7 Nd4 42. Bb1 Rf6 43. Be4 Ne6 44. Bd5 Nf8 45. Rc7 Ng6 46. Be4
Nf8 47. Kh3 Ne6 48. Rh7+ Kg8 49. Ra7 Nc5 50. Bd5+ Kf8 51. Rc7 Nd3 52. Rc3 Ne5
53. Re3 Nf7 54. Kg4 Nd6 55. Ra3 Nf5 56. Ra8+ Ke7 57. Ra7+ Kd6 58. Be4 Nd4 59.
Ra4 Ne6 60. Ra6+ Ke5 61. Ra5+ Kd6 62. Bf5 Nd4 63. Ra6+ Ke7 64. Ra7+ Kd6 65.
Rd7+ Kc5 66. Be4 Nb5 67. Rd5+ Kc4 68. Rf5 Rxf5 69. Kxf5 Nc3 70. Kg6 g4 71. Kxh6
Nd1 72. fxg4 Nxf2 73. Bf5 Nh1 74. g5 Nxg3 75. Bb1 1-0

[Event "Bad Woerishofen op"]
[Site "?"]
[Date "2006.03.19"]
[Round "3"]
[White "Mueller, Werner"]
[Black "Maugg, Ludwig"]
[Result "1/2-1/2"]
[WhiteElo "2305"]
[BlackElo "2117"]
[PlyCount "83"]
[EventDate "2006.??.??"]

1. e4 c5 2. Nf3 Nc6 3. d4 cxd4 4. Nxd4 Nf6 5. Nc3 e5 6. Ndb5 d6 7. Bg5 a6 8.
Na3 b5 9. Nd5 Qa5+ 10. Bd2 Qd8 11. Bg5 Qa5+ 12. Bd2 Qd8 13. Nxf6+ Qxf6 14. c3
Qg6 15. Qf3 Bg4 16. Qe3 Bd7 17. h4 h5 18. Bd3 Be7 19. O-O-O O-O 20. g4 hxg4 21.
h5 Qe6 22. Kb1 Rfc8 23. Nc2 Rab8 24. Rdg1 a5 25. Be2 Qf6 26. Bxg4 Bxg4 27. Rxg4
b4 28. Rhg1 Bf8 29. cxb4 axb4 30. Qg3 b3 31. axb3 Nd4 32. Nxd4 exd4 33. f4 Rb5
34. f5 Rxf5 35. Qh3 Rfc5 36. Rxg7+ Bxg7 37. h6 Qe6 38. Rxg7+ Kh8 39. Qg2 Qf6
40. Rg4 Rh5 41. b4 Re8 42. Kc2 1/2-1/2

[Event "Bad Woerishofen op"]
[Site "?"]
[Date "2006.03.19"]
[Round "3"]
[White "Tennstedt, Andreas"]
[Black "Kveinys, Aloyzas"]
[Result "0-1"]
[WhiteElo "2208"]
[BlackElo "2517"]
[PlyCount "132"]
[EventDate "2006.??.??"]

1. d4 Nf6 2. Nf3 d6 3. g3 g6 4. Bg2 Bg7 5. O-O O-O 6. Re1 Nbd7 7. c4 e5 8. dxe5
dxe5 9. Nc3 Re8 10. h3 h6 11. Qc2 Nc5 12. Rd1 Qe7 13. e4 c6 14. Be3 Nh7 15. Qd2
h5 16. Qd6 Qxd6 17. Rxd6 Ne6 18. Rdd1 f5 19. Ne2 Bf6 20. exf5 gxf5 21. Rab1 Kf7
22. Ne1 h4 23. b4 a6 24. a4 Rg8 25. Kh2 Nhg5 26. b5 axb5 27. axb5 Ra2 28. Rd2
Rxd2 29. Bxd2 Ne4 30. Bxe4 fxe4 31. Nc3 hxg3+ 32. fxg3 Rd8 33. Rb2 Rd4 34. bxc6
bxc6 35. h4 Rxc4 36. Kg2 Nc5 37. Nd1 Nd3 38. Rb8 Nxe1+ 39. Bxe1 Rc2+ 40. Kg1
Be6 41. Ne3 Ra2 42. Rb7+ Kg6 43. Rc7 Ra6 44. Kg2 Bd8 45. Rb7 Bb6 46. Bf2 Bxe3
47. Bxe3 Ra2+ 48. Kg1 Re2 49. Re7 Bd5 50. Bg5 e3 51. Kf1 Rf2+ 52. Kg1 Rg2+ 53.
Kf1 e2+ 54. Ke1 Bc4 55. Rxe5 Rg1+ 56. Kd2 Ba6 57. h5+ Kf7 58. Re7+ Kf8 59. Rxe2
Bxe2 60. Kxe2 Rxg3 61. Be3 Rh3 62. h6 Kf7 63. Bd2 Ke6 64. Kd1 Ke5 65. Kc2 Kd4
66. Bc1 Rh2+ 0-1